000 00494nam a2200157 i 4500
001 25125
003 ES-MaACL
005 20230906153210.0
007 t|
008 021220s1957 sp ||||1| spa d
100 1 _aAragoneses Alonso, Pedro.
_922207
245 1 0 _aSentencias congruentes
_b: pretensión, oposición, fallo /
_cPedro Aragoneses Alonso.
260 _aMadrid :
_bAguilar,
_c1957 (
_fSelecciones Gráficas)
300 _aXV, 250 p. ;
_c24 cm.
852 _aES-MaACL
_jC-13258
_bR.40750
999 _c25125
_d25125